| 000 | 00705nam a2200229 a 4500 | ||
|---|---|---|---|
| 005 | 20140310183541.0 | ||
| 008 | 111011s19uu xx 00 eng d | ||
| 010 | _a2009045269 | ||
| 020 | _a9781845207946 | ||
| 050 |
_aGN 347 _b.G723 2010 |
||
| 100 | _aGray, Gordon | ||
| 245 |
_aCinema : _ba visual anthropology / _cGordon Gray. |
||
| 260 |
_aOxford ; New York : _bBerg, _c2010. |
||
| 300 |
_a167 p. : _bill. ; _c25 cm. |
||
| 440 | _aKey texts in the anthropology of visual and material culture | ||
| 500 | _aIncludes bibliographical references and index. | ||
| 521 | _aMA | ||
| 650 | _aMotion pictures in ethnology | ||
| 650 | _aVisual anthropology | ||
| 942 |
_cBK _2lcc _kFOR |
||
| 999 |
_c24802 _d24802 |
||